Statistics for The Script - Breakeven Lyrics

Click here to take the quiz!

General Stats

  • This quiz has been taken 145 times
  • The average score is 322 of 386

Answer Stats

Answer% Correct
a
99%
I
99%
I'm
98%
do
97%
break
95%
even
95%
even)
95%
to
95%
be
93%
don't
93%
when
93%
no
92%
barely
91%
breathing
91%
but
91%
heart
91%
in
91%
it
91%
she
91%
am
90%
God
90%
still
90%
that
90%
what
90%
What
90%
you
90%
you?
90%
alive
89%
believe
89%
breaks
89%
the
89%
And
88%
and
88%
falling
88%
freedom
88%
got
88%
pieces
88%
supposed
88%
'cause
86%
('cause
86%
just
86%
say
86%
time
86%
of
85%
okay?
85%
okay
85%
up
85%
me
84%
while
84%
yeah
84%
your
84%
best
83%
all
81%
part
81%
choked
80%
you're
80%
always
78%
gonna
78%
was
78%
my
77%
prayin'
77%
she's
77%
gonna
76%
Her
74%
her
74%
sleeping
74%
some
74%
awake
69%
worst
69%
trouble
68%
wide
68%
Oh
66%
(oh
66%
oh
66%
ooh
66%
days
65%
man
65%
will
65%
first
64%
put
63%
They
59%
for
58%
words
58%
bleeding
57%
finally
56%
love
56%
on
56%
stop
56%
things
56%
reason
55%
breathing
53%
happen
52%
going
50%
moved
50%
suitcase
50%
bad
49%
name
49%
with
49%
none
48%
wise
48%
his
47%
left
47%
met
47%
that's
47%
pain
45%
took
45%
blame
44%
now
43%
now)
43%
remains
42%
little
41%
make
40%
sense
40%
grieving
38%
(one
35%
one's
34%
other
34%
tryna
34%
leaving)
32%
glad
19%

Score Distribution

Percentile by Number Answered

Percent of People with Each Score

Your Score History

You have not taken this quiz